Les plus hautes capitales par continent - Statistiques

Statistiques générales
  • Ce quiz a été pris 112 fois
    58 depuis la dernière actualisation
  • Le résultat moyen est 8 sur 18
Statistiques - réponses
Continent Altitude Capitale % Correct
Amérique du Sud 3660 mètres La Paz
87%
Amérique du Sud 2 850 mètres Bogota
83%
Amérique du Nord 2240 mètres Mexico
78%
Amérique du Sud 2 850 mètres Quito
74%
Europe 1013 mètres Andorre-la-Vieille
65%
Europe 667 mètres Madrid
61%
Afrique 1 795 mètres Nairobi
61%
Amérique du Nord 1 529 mètres Guatemala
52%
Océanie 605 mètres Canberra
43%
Amérique du Nord 1 146 mètres San José
43%
Afrique 2355 mètres Addis-Abeba
39%
Asie 2350 mètres Thimphou
39%
Asie 1 790 mètres Kaboul
30%
Europe 591 mètres Sofia
26%
Océanie 39 mètres Port Moresby
22%
Afrique 2 325 mètres Asmara
17%
Asie 2 250 mètres Sana'a
17%
Océanie 207 mètres Palikir
9%
Aucun quiz correspondant
Distribution des résultats
% des personnes avec chaque résultat
Percentile par nombre de réponses
Votre historique - résultats
Vous n’avez pas pris ce quiz depuis la dernière actualisation